Metodologiczne podstawy weryfikacji wejsciowych danych statystycznych

Na minha lista:
Detalhes bibliográficos
Autor principal: Stefanowicz, Bogdan
Formato: Livro
Idioma:polonês
Publicado em: Warszawa Szkola Glóvna planowania i statystyki 1983
Colecção:Monografie i opracowania 138
Tags: Adicionar Tag
Sem tags, seja o primeiro a adicionar uma tag!

MARC

LEADER 00000nam a2200000 4500
001 c116830
005 20250630080601.9
041 0 |a pol 
044 |a PL 
245 1 0 |a Metodologiczne podstawy weryfikacji wejsciowych danych statystycznych  |c Bogdan Stefanowicz 
264 1 |a Warszawa  |b Szkola Glóvna planowania i statystyki  |c 1983 
300 |a 190 s. 
490 1 |a Monografie i opracowania  |v 138 
830 0 |a Monografie i opracowania  |v 138 
100 1 |a Stefanowicz, Bogdan